Rehmatt-e- Kainaat / (Record no. 187790)
[ view plain ]
| 000 -LEADER | |
|---|---|
| fixed length control field | 00396 a2200157 4500 |
| 003 - CONTROL NUMBER IDENTIFIER | |
| control field | Nust |
| 005 - DATE AND TIME OF LATEST TRANSACTION | |
| control field | 20230307141301.0 |
| 040 ## - CATALOGING SOURCE | |
| Transcribing agency | Nust |
| 082 ## - DEWEY DECIMAL CLASSIFICATION NUMBER | |
| Classification number | 297.63,HUS |
| 100 ## - MAIN ENTRY--PERSONAL NAME | |
| Personal name | Hussani,Mohammad Zahid |
| 9 (RLIN) | 109958 |
| 245 ## - TITLE STATEMENT | |
| Title | Rehmatt-e- Kainaat / |
| Statement of responsibility, etc. | Mohammad Zahid Hussani, |
| 260 ## - PUBLICATION, DISTRIBUTION, ETC. | |
| Place of publication, distribution, etc. | Rawalpindi |
| Name of publisher, distributor, etc. | Ansari Autos |
| 300 ## - PHYSICAL DESCRIPTION | |
| Extent | 384:p |
| 650 ## - SUBJECT ADDED ENTRY--TOPICAL TERM | |
| Topical term or geographic name entry element | Seerat(S.W) |
| 9 (RLIN) | 109959 |
| 942 ## - ADDED ENTRY ELEMENTS (KOHA) | |
| Source of classification or shelving scheme | |
| Koha item type | Book |
| Call number prefix | 297.63,HUS |
| Withdrawn status | Lost status | Source of classification or shelving scheme | Damaged status | Not for loan | Permanent Location | Current Location | Shelving location | Date acquired | Full call number | Barcode | Date last seen | Price effective from | Koha item type | Public note | Total Checkouts |
|---|---|---|---|---|---|---|---|---|---|---|---|---|---|---|---|
| Military College of Signals (MCS) | Military College of Signals (MCS) | General Stacks | 12/12/2016 | 297.122,HUS | MCS27239 | 12/08/2016 | 12/12/2016 | Book | Almirha No 64, Shelf No 3 | ||||||
| Military College of Signals (MCS) | Military College of Signals (MCS) | General Stacks | 03/08/2023 | 297.63,HUS | MCS37186 | 03/08/2023 | 03/08/2023 | Book | Almirha No 64, Shelf No 3 |
